| 000 | 00366nam a2200157Ia 4500 | ||
|---|---|---|---|
| 008 | 210716s2019 xx 000 0 und d | ||
| 020 | _a9788126504466 | ||
| 041 | _aeng | ||
| 082 | _a004.6914 SOLM | ||
| 100 | _aSolomon, Michael G. | ||
| 245 | _aEthereum. | ||
| 250 | _a1 | ||
| 260 |
_aNew Delhi _bWiley India Pvt Ltd _c2019 |
||
| 300 | _ax,259 | ||
| 650 | _aNone | ||
| 999 |
_c197145 _d197145 |
||